|
|
|
|
| LEADER |
00000nam0a2200000 4500 |
| 001 |
296324 |
| 005 |
20231102000908.0 |
| 020 |
|
|
|a RU
|b 84-26403
|
| 035 |
|
|
|a (RuTPU)RU\TPU\book\321427
|
| 090 |
|
|
|a 296324
|
| 100 |
|
|
|a 20150529d1984 m y0rusy5003 ca
|
| 101 |
0 |
|
|a rus
|
| 102 |
|
|
|a UA
|
| 105 |
|
|
|a ac z 000zb
|
| 200 |
1 |
|
|a Ответственность принимаю на себя. Из воспоминаний о Е. О. Патоне
|f Б. М. Ефетов
|
| 210 |
|
|
|a Киев
|c Наукова думка
|d 1984
|
| 215 |
|
|
|a 127 с.
|c ил.
|
| 600 |
|
1 |
|a Патон
|b Е. О.
|c советский ученый
|c специалист в области электросварки и мостостроения
|f 1870-1953
|g Евгений Оскарович
|2 stltpush
|3 (RuTPU)RU\TPU\pers\23477
|9 10235
|
| 610 |
1 |
|
|a мостостроение
|
| 610 |
1 |
|
|a сварочная техника
|
| 610 |
1 |
|
|a история
|
| 610 |
1 |
|
|a СССР
|
| 610 |
1 |
|
|a Герои Социалистического Труда
|
| 610 |
1 |
|
|a 20 век
|
| 675 |
|
|
|a 624.21
|z rus
|v 4
|
| 700 |
|
1 |
|a Ефетов
|b Б. М.
|g Борис Михайлович
|4 070
|
| 801 |
|
0 |
|a RU
|b RuMRKP
|c 19950704
|g psbo
|
| 801 |
|
1 |
|a RU
|b 63413507
|c 20150529
|
| 801 |
|
2 |
|a RU
|b 63413507
|c 20170725
|g RCR
|
| 942 |
|
|
|c BK
|